000
00292nam a22001217a 4500
008
170425b xxu||||| |||| 00| 0 eng d
041
_a
eng
080
_a
547
100
_a
12
101
_a
SHM
245
_a
THE USE OF SOLVENTS IN SYNTHETIC ORGANIC CHEMISTRY
_c
MCARDLE, D.W
942
_2
udc
_c
BK
999
_c
11937
_d
11937